000 01165nam a2200241Ia 4500
003 GCL
008 140319s9999 xx 000 0 ara d
020 _a6161314977
040 _aGCL /
_cGCL
082 0 4 _aق
_b709.1
_bم ا
100 1 _aمنى محمد بدر محمد بهجت
245 1 0 _aاثر الحضارة السلجوقية فى دول شرق العالم الاسلامى على الحضارتين الايوبية والمملوكية بمصر :
_bالجزء الثانى العمارة - الجزء الثالث الفنون الزخرفية /
_cمنى محمد بدر محمد بهجت
250 _aالاولى
260 _aالقاهرة :
_bمكتبة زهراء الشرق ،
_c2002
300 _a3 مج ؛
_c24 سم
650 0 4 _aالدولة السلجوقية
650 0 4 _aالسلاجقة
650 0 4 _aالفن الاسلامى
650 0 4 _aالعمارة الاسلامية - تاريخ - الدولة السلجوقية
650 0 4 _aالزخرفة المعمارية - تاريخ - الدولة السلجوقية
650 0 4 _aالزخرفة بالحفر - تاريخ - الدولة السلجوقية
942 _2ddc
_cBK
999 _c6379
_d6379